00504nam a2200181Ia 450000500170000000800410001702000150005808200140007310000170008724500210010426000470012530000120017265000120018465000100019694200060020695200950021299900150030720250606023501.0240331s9999 xx 000 0 und d a9555640815 bSAPa5903 aSaparamadu,R 0aSinhala gahaniya aKohuwalabThisara Publishers Limitedc2003 a93 p ., aSinhala aWomen cL 001040708LaWERCLbWERCLcSSCd2024-03-31l0o 305 SAPp5903r2024-03-31w2024-03-31yL c5187d5187